| 000 | 01111cam a22003131a 4500 | ||
|---|---|---|---|
| 001 | 31156 | ||
| 003 | BD-RjUL | ||
| 005 | 20211209051651.0 | ||
| 008 | 140413s1921 enk 000 0 eng d | ||
| 035 | _a(BD-RjUL)31243 | ||
| 040 |
_aDLC _cDLC _dDLC _dBD-RjUL _beng |
||
| 041 | 0 | _aenggrc | |
| 082 | 0 | 4 |
_a291.1785 _bAPL V-2 1921 |
| 100 | 0 |
_aApollodorus. _975283 |
|
| 245 | 1 | 4 |
_aThe library / _cwith an English translation by Sir James George Frazer ... _nVolume II |
| 260 |
_aLondon : _bW. Heinemann; _aNew York : _bG. P. Putnam's sons, _c1921. |
||
| 300 |
_a546 p. ; _c17 cm. |
||
| 500 | _aGreek text of Bibliothēkē and English translation on opposite pages. | ||
| 500 | _aUntil modern times the author was often wrongly identified with the grammarian Apollodorus, of Athens. | ||
| 504 | _aIncludes Index | ||
| 650 |
_aMythology, _994755 |
||
| 651 |
_aGreek _967126 |
||
| 700 | 1 |
_aFrazer, James George, _cSir, _d1854-1941, _eed. and tr. _946415 |
|
| 942 |
_2ddc _cBK |
||
| 999 |
_c31156 _d31156 |
||